Los principios de la matemática

Guardat en:
Dades bibliogràfiques
Autor principal: Russell, Bertrand (Autor)
Format: Llibre
Idioma:espanyol
Publicat: Buenos Aires Espasa-Calpe 1948
Matèries:
Etiquetes: Afegir etiqueta
Sense etiquetes, Sigues el primer a etiquetar aquest registre!

MARC

LEADER 00000nam a2200000 a 4500
001 UCU2586
003 CL-VaPUC
008 960426e19480000AG |||||||||||||||||spa|d
082 0 4 |a 511.3  |b RUS  |2 21 
100 0 |a Russell, Bertrand  |e author  |9 323650 
245 1 4 |a Los principios de la matemática 
300 |a 644 p 
942 |c BK 
945 |d 19960426 00:00:00  |a cmena 
260 |a Buenos Aires  |b Espasa-Calpe  |c 1948 
650 0 |a Matemática  |9 260235 
650 0 |a Lógica matemática   |9 262442 
650 0 |a Funciones (Matemáticas)  |9 338128 
650 0 |a Teoría de números  |9 265327 
583 |a last modification  |c 19960426 00:00:00  |k Rodrigo Vera 
999 |c 246842  |d 246840 
952 |0 0  |1 0  |4 0  |6 511_300000000000000_RUS_1948  |7 0  |8 A  |9 262136  |a BIBING  |b BIBING  |d 2019-11-19  |i 1647032  |o 511.3 RUS 1948  |p 1647032  |r 2025-01-20  |w 2019-11-19  |y BK  |k ING 
952 |0 0  |1 0  |4 0  |6 511_300000000000000_RUS_1948  |7 0  |8 A  |9 262137  |a BIBMAT  |b BIBMAT  |d 2019-11-19  |i 1491768  |o 511.3 RUS 1948  |p 1491768  |r 2025-01-07  |w 2019-11-19  |y BK  |k MAT